| 000 | 00706nam a22002177a 4500 | ||
|---|---|---|---|
| 999 |
_c9883 _d9883 |
||
| 003 | AR-CdUCM | ||
| 008 | 190328b ||||| |||| 00| 0 spa d | ||
| 040 |
_aMUNICIPALIDAD PROVINCIAL DEL CUSCO _cBIBLIOTECA MUNICIPAL DEL CUSCO |
||
| 082 |
_a918.5 / 1949 / _bG2 |
||
| 100 |
_aGarcía Ochoa, José Uriel _926400 |
||
| 245 | _aPueblos y paisajes sudperuanos / | ||
| 260 |
_aLima : _bEdit. Cultura Antártica, _c1949. |
||
| 300 |
_a224 páginas ; _bFotografías, _c24 cm. |
||
| 500 | _aDedicatoria | ||
| 505 | _aContenido: Paisaje en la literatura | ||
| 650 |
_aIndígenas del Perú _95715 |
||
| 650 |
_aFolclore _93233 |
||
| 650 |
_aPaisaje en la literatura _926401 |
||
| 942 |
_2ddc _cLIBROS |
||
| 945 | _adavv | ||